[Event "NOR-chT Elite 2324"]
[Site "Norway"]
[Date "2024.02.04"]
[Round "6.44"]
[White "Johansson, Linus"]
[Black "Aulin Jansson, Joran"]
[Result "1-0"]
[WhiteElo "2434"]
[BlackElo "2102"]
[PlyCount "71"]
[EventDate "2023.10.27"]
[EventType "team-tourn"]
[EventRounds "9"]
[EventCountry "NOR"]
[SourceTitle "CB16_2024"]
[SourceDate "2024.04.17"]
[SourceVersion "1"]
[SourceVersionDate "2024.04.17"]
[SourceQuality "1"]
[WhiteTeam "Offerspill"]
[BlackTeam "Asker"]
[WhiteTeamCountry "NOR"]
[BlackTeamCountry "NOR"]

1. d4 Nf6 2. c4 e6 3. Nc3 Bb4 4. e3 0-0 5. Bd3 b6 6. Nge2 d5 7. a3 Be7 8. cxd5 exd5 9. Nf4 Bb7 10. Qf3 Re8 11. 0-0 c6 12. b4 Nbd7 13. Bb2 Nf8 14. e4 dxe4 15. Nxe4 Nd5 16. Nxd5 cxd5 17. Ng3 Rc8 18. Nf5 Bf6 19. Qg3 Rc7 20. Bb5 Re6 21. Rac1 Ree7 22. Nxe7+ Rxe7 23. Qd3 g6 24. Ba6 Kg7 25. Bxb7 Rxb7 26. b5 Ne6 27. Rfe1 Qd6 28. Rc6 Qf4 29. Bc1 Qxd4 30. Qxd4 Bxd4 31. Rd1 Re7 32. Kf1 Bf6 33. Rxd5 Nc7 34. Rd2 Nxb5 35. a4 Nc7 36. Ba3 1-0

[Event "NOR-chT Elite 2324"]
[Site "Norway"]
[Date "2023.10.27"]
[Round "1.24"]
[White "Vitenberg, Noam Aviv"]
[Black "Aulin Jansson, Joran"]
[Result "1-0"]
[WhiteElo "2331"]
[BlackElo "2098"]
[PlyCount "129"]
[EventDate "2023.10.27"]
[EventType "team-tourn"]
[EventRounds "9"]
[EventCountry "NOR"]
[SourceTitle "Mega2024 Update 01"]
[Source "Chessbase"]
[SourceDate "2023.11.12"]
[SourceVersion "1"]
[SourceVersionDate "2023.11.12"]
[SourceQuality "1"]
[WhiteTeam "Oslo SK 1911"]
[BlackTeam "Asker"]
[WhiteTeamCountry "NOR"]
[BlackTeamCountry "NOR"]

1. d4 Nf6 2. c4 e6 3. Nf3 d5 4. Nc3 a6 5. cxd5 exd5 6. Bf4 Bd6 7. Be5 c6 8. Qc2 0-0 9. 0-0-0 Bb4 10. e3 Bg4 11. Bd3 Nbd7 12. Kb1 Re8 13. Bf4 Rc8 14. h3 Bh5 15. g4 Bg6 16. Bxg6 hxg6 17. g5 Ne4 18. Nxe4 Rxe4 19. h4 Qe7 20. h5 Bd6 21. Bxd6 Qxd6 22. hxg6 Qxg6 23. Rh3 Ree8 24. Rdh1 Qxc2+ 25. Kxc2 Kf8 26. g6 fxg6 27. Nh4 c5 28. Rf3+ Ke7 29. Nxg6+ Kd6 30. dxc5+ Nxc5 31. Kb1 Ne6 32. Rd1 Rc4 33. Rf7 Rg4 34. Rd7+ Kxd7 35. Ne5+ Kd6 36. Nxg4 Rh8 37. Kc2 Rh4 38. Rg1 d4 39. Kd3 dxe3 40. Kxe3 Rh3+ 41. Ke4 Nc5+ 42. Kf5 Rf3+ 43. Kg6 Nd3 44. Rd1 Kc5 45. Rd2 Kd4 46. Rc2 b5 47. Rd2 a5 48. a3 a4 49. Rc2 Rf4 50. Kg5 Rf7 51. Rd2 Rf3 52. Kg6 Ke4 53. Re2+ Kf4 54. Ne3 Ke4 55. Nd1+ Kd4 56. Kxg7 Rh3 57. Nc3 Rh5 58. Kf6 Kc4 59. Nd1 Rh1 60. Rd2 Rh3 61. Kf5 Rh8 62. Ke4 Re8+ 63. Kf3 Rd8 64. Ke3 Rd5 65. Rc2+ 1-0

[Event "EU-Cup 38th"]
[Site "Durres"]
[Date "2023.10.01"]
[Round "1.5"]
[White "Aulin Jansson, Joran"]
[Black "Santos Latasa, Jaime"]
[Result "0-1"]
[WhiteElo "2098"]
[BlackElo "2650"]
[PlyCount "70"]
[EventDate "2023.10.01"]
[EventType "team-swiss"]
[EventRounds "7"]
[EventCountry "ALB"]
[SourceTitle "EXT 2024"]
[Source "ChessBase"]
[SourceDate "2023.10.10"]
[SourceVersion "1"]
[SourceVersionDate "2023.10.10"]
[SourceQuality "1"]
[WhiteTeam "Asker"]
[BlackTeam "Turkish Airlines"]
[WhiteTeamCountry "NOR"]
[BlackTeamCountry "TUR"]

1. e4 c5 2. Nc3 Nc6 3. f4 g6 4. Nf3 Bg7 5. Bc4 e6 6. f5 Nge7 7. fxe6 fxe6 8. a3 0-0 9. 0-0 Nd4 10. d3 Nec6 11. Nxd4 Rxf1+ 12. Qxf1 Nxd4 13. Qf2 Qf8 14. Qxf8+ Bxf8 15. Bb3 b6 16. Be3 Bg7 17. Bxd4 Bxd4+ 18. Kf1 Bb7 19. Ke2 a6 20. Rf1 b5 21. Nd1 Be5 22. g3 Bc6 23. c3 Rb8 24. Ke3 Bg7 25. Bc2 a5 26. d4 cxd4+ 27. cxd4 b4 28. Rf3 g5 29. g4 h6 30. h3 Rb6 31. Rf1 bxa3 32. bxa3 Bf8 33. a4 Rb4 34. Nc3 Bg7 35. Rd1 Rc4 0-1

[Event "NOR-chT Elite 2223"]
[Site "Norway"]
[Date "2023.01.15"]
[Round "6.54"]
[White "Johansson, Linus"]
[Black "Aulin Jansson, Joran"]
[Result "1-0"]
[WhiteElo "2455"]
[BlackElo "2192"]
[PlyCount "59"]
[EventDate "2022.11.11"]
[EventType "team-tourn"]
[EventRounds "9"]
[EventCountry "NOR"]
[SourceTitle "CBM 213 Extra"]
[Source "ChessBase"]
[SourceDate "2023.05.31"]
[SourceVersion "1"]
[SourceVersionDate "2023.05.31"]
[SourceQuality "1"]
[WhiteTeam "Offerspill"]
[BlackTeam "Asker"]
[WhiteTeamCountry "NOR"]
[BlackTeamCountry "NOR"]

1. d4 c5 2. d5 e5 3. e4 a6 4. a4 d6 5. g3 Be7 6. h4 f5 7. exf5 Bxf5 8. Bh3 Qc8 9. Nd2 b6 10. Nc4 Bxh3 11. Nxh3 Nd7 12. Bg5 Qc7 13. Bxe7 Nxe7 14. Ng5 Nf8 15. 0-0 h6 16. Ne4 0-0-0 17. Rb1 b5 18. axb5 axb5 19. Na3 Qb7 20. c4 bxc4 21. Nxc4 Kc7 22. Nxc5 dxc5 23. d6+ Kb8 24. b4 cxb4 25. dxe7 Qxe7 26. Rxb4+ Kc7 27. Qb3 Nd7 28. Rb7+ Kc8 29. Nb6+ Kxb7 30. Nd5+ 1-0

[Event "Titled Tuesday intern op 11th Jan"]
[Site "Chess.com INT"]
[Date "2022.01.11"]
[Round "2"]
[White "Aulin Jansson, Joran"]
[Black "Csonka, Balazs"]
[Result "0-1"]
[WhiteElo "2214"]
[BlackElo "2474"]
[PlyCount "110"]
[EventDate "2022.01.11"]
[EventType "swiss (blitz)"]
[EventRounds "11"]
[EventCountry "USA"]
[SourceTitle "CBM 206 Extra"]
[Source "ChessBase"]
[SourceDate "2022.03.31"]
[SourceVersion "1"]
[SourceVersionDate "2022.03.31"]
[SourceQuality "1"]

1. e4 e6 2. d4 d5 3. Nc3 Bb4 4. Nge2 dxe4 5. a3 Bxc3+ 6. Nxc3 Nc6 7. Bb5 Nge7 8. 0-0 a6 9. Bxc6+ Nxc6 10. Be3 b6 11. Nxe4 Bb7 12. Ng5 h6 13. Nf3 0-0 14. c4 Ne7 15. Rc1 Nf5 16. Ne5 Qh4 17. Qg4 Qxg4 18. Nxg4 f6 19. h3 Rfd8 20. Rfd1 Rd7 21. Rd2 Rad8 22. Rcd1 Kf7 23. Kf1 c5 24. d5 exd5 25. cxd5 Bxd5 26. Ke1 Ke6 27. b4 Bxg2 28. Rxd7 Rxd7 29. Rxd7 Kxd7 30. bxc5 Bxh3 31. Nh2 Nxe3 32. fxe3 bxc5 33. Kd2 Kc6 34. Nf3 Be6 35. Kc3 g5 36. Nd2 Bd5 37. e4 Be6 38. Nf3 h5 39. e5 g4 40. Nh4 fxe5 41. Kd3 c4+ 42. Ke4 Kd6 43. Ke3 Kc5 44. Ng6 Kd5 45. Ne7+ Kd6 46. Ng6 a5 47. a4 Bf7 48. Nh4 Kc5 49. Nf5 Kb4 50. Nd6 Bd5 51. Nc8 Kxa4 52. Nb6+ Kb3 53. Nxd5 a4 54. Kd2 a3 55. Nc3 a2 0-1

[Event "Titled Tuesday intern op 13th July"]
[Site "Chess.com INT"]
[Date "2021.07.13"]
[Round "3"]
[White "Huda, Maryana"]
[Black "Aulin Jansson, Joran"]
[Result "0-1"]
[WhiteElo "2128"]
[BlackElo "2215"]
[PlyCount "142"]
[EventDate "2021.07.13"]
[EventType "swiss (blitz)"]
[EventRounds "11"]
[EventCountry "USA"]
[SourceTitle "CBM 203 Extra"]
[Source "ChessBase"]
[SourceDate "2021.09.30"]
[SourceVersion "1"]
[SourceVersionDate "2021.09.30"]
[SourceQuality "1"]

1. d4 Nf6 2. c4 e6 3. Nf3 c5 4. Nc3 cxd4 5. Nxd4 Nc6 6. g3 Be7 7. Bg2 0-0 8. 0-0 a6 9. Bf4 Qa5 10. Nxc6 dxc6 11. Qc2 e5 12. Bg5 h6 13. Bxf6 Bxf6 14. Ne4 Be7 15. a3 Be6 16. b4 Qc7 17. c5 Bd5 18. Rfd1 Rad8 19. Nc3 Bxg2 20. Kxg2 Rd4 21. e3 Rxd1 22. Rxd1 Rd8 23. Rxd8+ Qxd8 24. Qd1 g6 25. Qxd8+ Bxd8 26. Na4 e4 27. g4 f5 28. Nc3 Bf6 29. Ne2 Kf7 30. gxf5 gxf5 31. Nf4 Bb2 32. a4 Ba3 33. b5 axb5 34. axb5 cxb5 35. Ne2 Bxc5 36. Nc3 b4 37. Nd5 b3 38. Nc3 Bb4 39. Nb1 Ke6 40. f3 Kd5 41. Kf2 Kc4 42. fxe4 fxe4 43. Ke2 Bd6 44. h3 Be5 45. Kd2 Kb4 46. Kc1 Kc5 47. Nd2 b2+ 48. Kc2 Kd5 49. Nb3 b6 50. Nd2 Bf6 51. Kb1 Bc3 52. Nf1 b5 53. Kc2 b4 54. Kb1 Kc4 55. Kc2 b3+ 56. Kb1 Kd3 57. h4 Ke2 58. h5 Bd2 59. Nxd2 Kxd2 60. Kxb2 Kxe3 61. Kxb3 Kf2 62. Kc2 e3 63. Kd3 e2 64. Kc2 e1Q 65. Kb2 Qe3 66. Ka2 Qd3 67. Kb2 Qb5+ 68. Ka3 Ke2 69. Ka2 Kd3 70. Ka3 Kc2 71. Ka2 Qa5# 0-1

[Event "Titled Tuesday intern op 11th May"]
[Site "Chess.com INT"]
[Date "2021.05.11"]
[Round "6"]
[White "Aulin Jansson, Joran"]
[Black "Horak, Martin"]
[Result "1-0"]
[WhiteElo "2215"]
[BlackElo "2330"]
[PlyCount "83"]
[EventDate "2021.05.11"]
[EventType "swiss (blitz)"]
[EventRounds "11"]
[EventCountry "USA"]
[SourceTitle "CBM 202 Extra"]
[Source "ChessBase"]
[SourceDate "2021.07.31"]
[SourceVersion "1"]
[SourceVersionDate "2021.07.31"]
[SourceQuality "1"]

1. e4 e5 2. Nf3 Nc6 3. Bb5 a6 4. Bxc6 dxc6 5. Nc3 f6 6. 0-0 Bg4 7. h3 Bh5 8. d3 Qd7 9. Nxe5 Bxd1 10. Nxd7 Bxc2 11. Nxf8 Kxf8 12. d4 Rd8 13. Be3 Bd3 14. Rfd1 Bc4 15. Rac1 Bf7 16. Bf4 Rd7 17. d5 cxd5 18. Nxd5 c6 19. Nb6 Rxd1+ 20. Rxd1 g5 21. Bg3 Be6 22. e5 Kg7 23. b3 Ne7 24. Rd6 Kf7 25. exf6 Nd5 26. Nxd5 Bxd5 27. Be5 Be6 28. Kf1 Rc8 29. Ke2 Re8 30. Kd3 Bf5+ 31. Kd4 Be6 32. g4 Rg8 33. b4 Rc8 34. a4 b6 35. f3 c5+ 36. bxc5 bxc5+ 37. Kc3 c4 38. Rxa6 Rd8 39. Ra7+ Kg6 40. Rg7+ Kh6 41. f4 gxf4 42. Bxf4# 1-0

[Event "Titled Tuesday intern op 11th May"]
[Site "Chess.com INT"]
[Date "2021.05.11"]
[Round "1"]
[White "Aulin Jansson, Joran"]
[Black "Jakubowski, Krzysztof"]
[Result "0-1"]
[WhiteElo "2215"]
[BlackElo "2497"]
[PlyCount "112"]
[EventDate "2021.05.11"]
[EventType "swiss (blitz)"]
[EventRounds "11"]
[EventCountry "USA"]
[SourceTitle "CBM 202 Extra"]
[Source "ChessBase"]
[SourceDate "2021.07.31"]
[SourceVersion "1"]
[SourceVersionDate "2021.07.31"]
[SourceQuality "1"]

1. e4 c5 2. Nc3 e6 3. f4 a6 4. Nf3 b5 5. d3 Bb7 6. g4 Nc6 7. Bg2 d6 8. 0-0 h5 9. g5 h4 10. Bh3 g6 11. f5 gxf5 12. exf5 exf5 13. Bxf5 Nge7 14. Bh3 Bg7 15. Qe2 Ne5 16. Nxe5 Bxe5 17. Bg2 Qb6 18. Bxb7 Qxb7 19. Qe4 Qxe4 20. Nxe4 Rg8 21. Bf4 f5 22. Nxd6+ Bxd6 23. Bxd6 Rxg5+ 24. Kh1 Kd7 25. Bxc5 Nd5 26. c4 Nf6 27. Be3 Rh5 28. Rf4 h3 29. Raf1 Ke6 30. Bd4 Ng4 31. Re1+ Kf7 32. Bg1 Rd8 33. cxb5 axb5 34. d4 Rd5 35. Rf3 Rh8 36. Rc1 Kg6 37. Rc6+ Kg5 38. Rc5 Nf6 39. Be3+ Kg6 40. Rg3+ Kf7 41. Rxd5 Nxd5 42. Bg1 Kf6 43. Rb3 b4 44. a3 bxa3 45. bxa3 f4 46. a4 Kf5 47. a5 Ra8 48. Rxh3 Rxa5 49. Rh5+ Ke4 50. Re5+ Kf3 51. h4 Kg3 52. h5 f3 53. h6 Ra6 54. Bh2+ Kg4 55. Rxd5 Ra1+ 56. Bg1 f2 0-1

[Event "Titled Tuesday intern op 11th May"]
[Site "Chess.com INT"]
[Date "2021.05.11"]
[Round "7"]
[White "Aulin Jansson, Joran"]
[Black "Zhukova, Natalia"]
[Result "0-1"]
[WhiteElo "2215"]
[BlackElo "2336"]
[PlyCount "92"]
[EventDate "2021.05.11"]
[EventType "swiss (blitz)"]
[EventRounds "11"]
[EventCountry "USA"]
[SourceTitle "CBM 202 Extra"]
[Source "ChessBase"]
[SourceDate "2021.07.31"]
[SourceVersion "1"]
[SourceVersionDate "2021.07.31"]
[SourceQuality "1"]

1. e4 e5 2. Nf3 Nc6 3. Bb5 a6 4. Bxc6 dxc6 5. Nc3 Bg4 6. h3 Bh5 7. d3 Bd6 8. 0-0 Ne7 9. Be3 0-0 10. g4 Bg6 11. Ne2 f6 12. Ng3 Bf7 13. Nh4 c5 14. Nhf5 Qd7 15. h4 Be6 16. f3 Ng6 17. h5 Nf4 18. Nxd6 Qxd6 19. Qd2 Rad8 20. Qh2 c4 21. dxc4 Bxc4 22. Nf5 Qb4 23. c3 Qb5 24. Rfd1 Ne2+ 25. Kh1 Qxb2 26. g5 fxg5 27. Bxg5 Rxd1+ 28. Rxd1 Qxc3 29. Rd7 Qxf3+ 30. Qg2 Qxh5+ 31. Qh2 Qxh2+ 32. Kxh2 Bf7 33. Rxc7 b5 34. Be7 Ra8 35. Bd6 Nd4 36. Ne7+ Kh8 37. Bxe5 Nf3+ 38. Kg3 Nxe5 39. Nf5 Bxa2 40. Kf4 Nf7 41. e5 Be6 42. Nd4 Nd8 43. Re7 Bd5 44. e6 Nc6 45. Nxc6 Bxc6 46. Ke5 Re8 0-1

[Event "Titled Tuesday intern op 11th May"]
[Site "Chess.com INT"]
[Date "2021.05.11"]
[Round "5"]
[White "Funderburg, John T"]
[Black "Aulin Jansson, Joran"]
[Result "0-1"]
[WhiteElo "2100"]
[BlackElo "2215"]
[PlyCount "54"]
[EventDate "2021.05.11"]
[EventType "swiss (blitz)"]
[EventRounds "11"]
[EventCountry "USA"]
[SourceTitle "CBM 202 Extra"]
[Source "ChessBase"]
[SourceDate "2021.07.31"]
[SourceVersion "1"]
[SourceVersionDate "2021.07.31"]
[SourceQuality "1"]

1. e4 c5 2. Ne2 d6 3. g3 Nc6 4. Bg2 Nf6 5. c3 Bg4 6. f3 Bh5 7. 0-0 e6 8. d4 Be7 9. Be3 0-0 10. Nd2 cxd4 11. cxd4 Rc8 12. Nf4 Bg6 13. Rc1 Qa5 14. Nc4 Qxa2 15. Qe2 d5 16. Nxg6 hxg6 17. Ne5 dxe4 18. Ra1 Qb3 19. Nxc6 Rxc6 20. Rxa7 exf3 21. Rxf3 Rc2 22. Qd1 Qxb2 23. Bf2 Ne4 24. Rxb7 Nxf2 25. Rxf2 Rxf2 26. Rxb2 Rxb2 27. d5 Rfb8 0-1

[Event "Titled Tuesday intern op 11th May"]
[Site "Chess.com INT"]
[Date "2021.05.11"]
[Round "9"]
[White "Sieciechowicz, Marcin"]
[Black "Aulin Jansson, Joran"]
[Result "1-0"]
[WhiteElo "2393"]
[BlackElo "2215"]
[PlyCount "51"]
[EventDate "2021.05.11"]
[EventType "swiss (blitz)"]
[EventRounds "11"]
[EventCountry "USA"]
[SourceTitle "CBM 202 Extra"]
[Source "ChessBase"]
[SourceDate "2021.07.31"]
[SourceVersion "1"]
[SourceVersionDate "2021.07.31"]
[SourceQuality "1"]

1. d4 Nf6 2. c4 e6 3. Nc3 Bb4 4. e3 0-0 5. Nge2 d5 6. a3 Be7 7. cxd5 exd5 8. Nf4 c6 9. Bd3 Bd6 10. 0-0 Re8 11. f3 Nbd7 12. e4 Qb6 13. Bc2 dxe4 14. fxe4 Nf8 15. Kh1 Bb8 16. e5 Nd5 17. Nfxd5 cxd5 18. Nxd5 Qd8 19. Nf4 Qh4 20. Qf3 Bc7 21. Bb3 Ne6 22. Nxe6 Bxe6 23. Bxe6 fxe6 24. Qf7+ Kh8 25. Qxc7 Rf8 26. Be3 1-0

[Event "Titled Tuesday intern op 20th Apr"]
[Site "Chess.com INT"]
[Date "2021.04.20"]
[Round "2"]
[White "Senthil, Maran K"]
[Black "Aulin Jansson, Joran"]
[Result "1-0"]
[WhiteElo "2246"]
[BlackElo "2215"]
[PlyCount "55"]
[EventDate "2021.04.20"]
[EventType "swiss (blitz)"]
[EventRounds "11"]
[EventCountry "USA"]
[SourceTitle "CBM 202 Extra"]
[Source "ChessBase"]
[SourceDate "2021.07.31"]
[SourceVersion "1"]
[SourceVersionDate "2021.07.31"]
[SourceQuality "1"]

1. c4 e5 2. g3 Nc6 3. Bg2 f5 4. Nf3 Nf6 5. 0-0 Bc5 6. Nxe5 Nxe5 7. d4 Bd6 8. c5 Be7 9. dxe5 Ne4 10. Be3 0-0 11. Nc3 Nxc3 12. bxc3 Bg5 13. Bxg5 Qxg5 14. f4 Qe7 15. Qd4 Rb8 16. Rab1 b6 17. cxb6 axb6 18. Rfd1 Ba6 19. Qxd7 Qc5+ 20. Qd4 Bxe2 21. Qxc5 bxc5 22. Re1 Bd3 23. Bd5+ Kh8 24. Rxb8 Rxb8 25. e6 Bb5 26. Rb1 Rb6 27. Rxb5 Rxb5 28. e7 1-0

[Event "Titled Tuesday intern op 06th Apr"]
[Site "Chess.com INT"]
[Date "2021.04.06"]
[Round "11"]
[White "Aulin Jansson, Joran"]
[Black "Andrews, Todd D"]
[Result "0-1"]
[WhiteElo "2215"]
[BlackElo "2244"]
[PlyCount "72"]
[EventDate "2021.04.06"]
[EventType "swiss (blitz)"]
[EventRounds "11"]
[EventCountry "USA"]
[SourceTitle "CBM 201 Extra"]
[Source "ChessBase"]
[SourceDate "2021.05.31"]
[SourceVersion "1"]
[SourceVersionDate "2021.05.31"]
[SourceQuality "1"]

1. e4 c5 2. Nc3 d6 3. f4 g6 4. Nf3 Bg7 5. Bc4 Nc6 6. 0-0 Nd4 7. d3 e6 8. Nxd4 cxd4 9. Ne2 Ne7 10. Bb3 a5 11. Ng3 a4 12. Bc4 0-0 13. f5 exf5 14. exf5 Nxf5 15. Nxf5 Bxf5 16. Rxf5 gxf5 17. Bd5 Qh4 18. Bd2 Rae8 19. Qf3 Qg4 20. Bxb7 Re2 21. Rd1 Rxg2+ 22. Kh1 Qxf3 23. Bxf3 Rf2 24. Bc6 Be5 25. Bxa4 Rxh2+ 26. Kg1 Kh8 27. Be1 Rg8+ 28. Kf1 Rgg2 29. Bc6 Rxc2 30. Bd5 Bf4 31. a4 Be3 32. a5 Rc5 33. a6 Rxd5 34. a7 Rh1+ 35. Kg2 Rg1+ 36. Kf3 Rg8 0-1

[Event "Titled Tuesday intern op 06th Apr"]
[Site "Chess.com INT"]
[Date "2021.04.06"]
[Round "7"]
[White "Aulin Jansson, Joran"]
[Black "Elgersma, Onno"]
[Result "0-1"]
[WhiteElo "2215"]
[BlackElo "2298"]
[PlyCount "64"]
[EventDate "2021.04.06"]
[EventType "swiss (blitz)"]
[EventRounds "11"]
[EventCountry "USA"]
[SourceTitle "CBM 201 Extra"]
[Source "ChessBase"]
[SourceDate "2021.05.31"]
[SourceVersion "1"]
[SourceVersionDate "2021.05.31"]
[SourceQuality "1"]

1. e4 c5 2. Nc3 e6 3. f4 d5 4. Bb5+ Nc6 5. d3 Nf6 6. Nf3 Bd7 7. 0-0 a6 8. Bxc6 Bxc6 9. Ne5 Be7 10. g4 0-0 11. g5 Nd7 12. Nxc6 bxc6 13. h4 f5 14. Qe2 Kh8 15. exd5 exd5 16. h5 Qe8 17. Bd2 Bd6 18. Qh2 Rb8 19. Rae1 Qf7 20. b3 c4 21. dxc4 dxc4 22. h6 g6 23. Re2 Rfe8 24. Rfe1 cxb3 25. axb3 Nc5 26. Be3 Kg8 27. Bd4 Ne6 28. Be3 Rbd8 29. Qf2 Bb4 30. Na4 Bxe1 31. Qxe1 Qe7 32. Nb6 Nxf4 0-1

[Event "Titled Tuesday intern op 06th Apr"]
[Site "Chess.com INT"]
[Date "2021.04.06"]
[Round "2"]
[White "Aulin Jansson, Joran"]
[Black "Kozin, Yuri"]
[Result "1-0"]
[WhiteElo "2215"]
[BlackElo "2251"]
[PlyCount "99"]
[EventDate "2021.04.06"]
[EventType "swiss (blitz)"]
[EventRounds "11"]
[EventCountry "USA"]
[SourceTitle "CBM 201 Extra"]
[Source "ChessBase"]
[SourceDate "2021.05.31"]
[SourceVersion "1"]
[SourceVersionDate "2021.05.31"]
[SourceQuality "1"]

1. e4 c5 2. Nc3 e6 3. f4 a6 4. Nf3 Nc6 5. d3 b5 6. g4 b4 7. Ne2 d5 8. Ng3 Nf6 9. g5 Nd7 10. h4 a5 11. Bh3 Qb6 12. Be3 a4 13. a3 bxa3 14. bxa3 Qa5+ 15. Kf2 Be7 16. h5 Ba6 17. g6 hxg6 18. hxg6 fxg6 19. Bxe6 Rxh1 20. Qxh1 0-0-0 21. Bxd5 Bb7 22. Bd2 Qc7 23. Qh3 Kb8 24. Rb1 Ka8 25. Qe6 Nf8 26. Qf7 Bd6 27. Qxc7 Bxc7 28. c4 Nd7 29. e5 Nb6 30. Be4 Rb8 31. Be3 Nd7 32. Bxg6 Ne7 33. Be4 Bxe4 34. Rxb8+ Kxb8 35. Nxe4 Nf5 36. Nfg5 Nf8 37. Bxc5 Ng6 38. Kf3 Nfh4+ 39. Kg4 Ng2 40. d4 Bd8 41. f5 Ne3+ 42. Kh5 Nf4+ 43. Kh4 Nd3 44. f6 gxf6 45. exf6 Nf5+ 46. Kg4 Ne3+ 47. Kf3 Nf5 48. f7 Nh4+ 49. Ke3 Ng6 50. Kxd3 1-0

[Event "Titled Tuesday intern op 06th Apr"]
[Site "Chess.com INT"]
[Date "2021.04.06"]
[Round "3"]
[White "Tologontegin, Semetey"]
[Black "Aulin Jansson, Joran"]
[Result "1/2-1/2"]
[WhiteElo "2380"]
[BlackElo "2215"]
[PlyCount "153"]
[EventDate "2021.04.06"]
[EventType "swiss (blitz)"]
[EventRounds "11"]
[EventCountry "USA"]
[SourceTitle "CBM 201 Extra"]
[Source "ChessBase"]
[SourceDate "2021.05.31"]
[SourceVersion "1"]
[SourceVersionDate "2021.05.31"]
[SourceQuality "1"]

1. e4 c5 2. Nc3 a6 3. a4 Nc6 4. f4 g6 5. Nf3 Bg7 6. Bc4 e6 7. e5 Nge7 8. Ne4 0-0 9. Nxc5 d6 10. exd6 Qxd6 11. Nd3 b6 12. 0-0 Bb7 13. Kh1 Rac8 14. Ba2 Nf5 15. Bb1 Ncd4 16. Nxd4 Qxd4 17. c3 Qd5 18. Ne1 e5 19. Bxf5 gxf5 20. fxe5 Bxe5 21. Rxf5 Qe4 22. Rg5+ Kh8 23. d4 Bf4 24. Bxf4 Qxf4 25. Nf3 Bxf3 26. Qc1 Qxc1+ 27. Rxc1 Bc6 28. a5 b5 29. Kg1 f5 30. Rf1 Be4 31. Rf4 Rg8 32. Rxg8+ Rxg8 33. g3 Kg7 34. Kf2 Kf6 35. Ke3 Rc8 36. Rh4 Kg6 37. g4 Rc4 38. gxf5+ Bxf5 39. Rf4 Ra4 40. Rf2 Rxa5 41. d5 b4 42. c4 b3 43. Kd4 Ra1 44. Kc3 Bc2 45. c5 Rd1 46. d6 a5 47. Rf4 Rd3+ 48. Kc4 a4 49. Kb4 Rd5 50. Rc4 Kf6 51. Kxa4 Ke6 52. Ka5 Bd3 53. Rc3 Be4 54. Kb6 Kd7 55. c6+ Kxd6 56. c7 Bf5 57. c8Q Bxc8 58. Rxc8 Rh5 59. Rd8+ Ke7 60. Rd3 Rxh2 61. Rxb3 h5 62. Re3+ Kd6 63. b4 h4 64. b5 h3 65. Rd3+ Ke7 66. Kc7 Rh1 67. b6 h2 68. Re3+ Kf6 69. Rh3 Rc1+ 70. Kb8 h1Q 71. Rxh1 Rxh1 72. b7 Ke7 73. Ka7 Ra1+ 74. Kb6 Kd7 75. b8Q Rb1+ 76. Ka7 Rxb8 77. Kxb8 1/2-1/2

[Event "Titled Tuesday intern op 02nd Feb"]
[Site "Chess.com INT"]
[Date "2021.02.02"]
[Round "3"]
[White "Aulin Jansson, Joran"]
[Black "Sokolovsky, Yahli"]
[Result "0-1"]
[WhiteElo "2215"]
[BlackElo "2472"]
[PlyCount "66"]
[EventDate "2021.02.02"]
[EventType "swiss (blitz)"]
[EventRounds "11"]
[EventCountry "USA"]
[SourceTitle "CBM 200 Extra"]
[Source "ChessBase"]
[SourceDate "2021.03.31"]
[SourceVersion "1"]
[SourceVersionDate "2021.03.31"]
[SourceQuality "1"]

1. e4 g6 2. d4 Bg7 3. Nc3 d6 4. Bc4 Nf6 5. Qe2 e5 6. dxe5 dxe5 7. Bg5 c6 8. Nf3 Qe7 9. 0-0-0 0-0 10. h4 h5 11. Bb3 Nbd7 12. Qe3 Nc5 13. Nh2 a5 14. f3 a4 15. Bc4 b5 16. Be2 b4 17. Nb1 b3 18. cxb3 axb3 19. a3 Ne6 20. g4 Nd4 21. gxh5 Qc5+ 22. Nc3 Rxa3 23. bxa3 Qxa3+ 24. Kd2 Qb2+ 25. Ke1 Nc2+ 26. Kf2 Nxe3 27. Bxe3 Qxc3 28. hxg6 fxg6 29. Rd3 Qb4 30. Rb1 b2 31. Rd2 Nxe4+ 32. Ke1 Nxd2 33. Bxd2 Qxh4+ 0-1